000
00306nam a22001217a 4500
020
_a
0-442-28162-5
082
_a
003 SIN'M
100
_a
SINHA, N. K, KUSZTA, B
_9
56728
245
_a
MODELING AND IDENTIFICATION OF DYNAMIC SYSTEMS
260
_a
NEWYORK
_b
VAN NOSTRAND
_c
334P
300
_a
334P
942
_c
BK
999
_c
567086
_d
567086